Almost Useless Geography #1 - Statistics

General Stats
  • This quiz has been taken 3,497 times
  • The average score is 11 of 21
Answer Stats
Hint Answer % Correct
This is the only country in Europe to contain the word "and" in the commonly used name Bosnia and Herzegovina
88%
Yemen, Qatar, and this country all are the only country starting with their starting letter Oman
76%
Only two South American countries don't border Brazil, Ecuador and this Chile
72%
The Caspian Sea is actually this type of Body of Water Lake
72%
This is the only national capital that starts with Z Zagreb
70%
This West African nation's capital is named for a U.S President Liberia
68%
3/4 of all Canadians live within 100 miles of this United States
66%
This is the only Non-European country to speak Dutch Suriname
65%
New Zealand is named after a region of this country Netherlands
59%
This is the longest river in the world to flow South to North The Nile
56%
If you go directly south from Detroit, this is the first foreign country you'll reach Canada
53%
This continent is similar in size to Russia South America
48%
This is the only country outside of Africa to contain the word "Guinea" Papua New Guinea
46%
This nation is the only one to claim to have 100% literacy rate. North Korea
44%
This is the smallest island nation Nauru
40%
This country is named for an element that is rarely found in that country Argentina
38%
The U.S offered to buy this island for 100 million dollars after WW2 Greenland
36%
Armenia is not recognized by this South Asian Country Pakistan
35%
This is the only Asian country not to use the Metric System Myanmar
31%
The American City is named Paris, has a mini Eiffel Tower, and is located in this Southern State. Texas
26%
This landlocked U.S state's official state vegetable is the Watermelon Oklahoma
10%
No matching quizzes found
Score Distribution
Percent of People with Each Score
Percentile by Number Answered
Your Score History
You have not taken this quiz